000 01253nam0a22002771 4500
001 rc\4083050
005 20260407132005.0
021 _aRU
_b[50-8439]
035 _a(NLR Aleph) 007902469
090 _a8046559
_c8046559
100 _a20130415d1950 |||y0rusy50 ca
101 0 _arus
102 _aRU
105 _aa z |||||
200 1 _aПередвижная бетономешалка С-199
_eРуководство по эксплуатации
_fМ-во строит. и дор. машиностроения СССР. Главстроймеханизация. Трест "Строймеханизация"
210 _aМосква
_cИзд-во и 1-я тип. Машгиза в Л.
_d1950
215 _a30 с.
_cчерт.
_d19
300 _aНа обороте тит. л. сост.: канд. техн. наук Х.Л. Троицкий
606 _aБетономешалки передвижные
_xЭксплуатация
_2psbo
702 1 _aТроицкий
_bХ.Л.
_gХанан Леонтьевич
_4220
712 0 2 _a"Строймеханизация", трест
_cМосква
_3RU\NLR\AUTH\889989345
_9474198
801 0 _aRU
_bNLR
_gpsbo
801 1 _aRU
_bELAR
_2rusmarc
852 _aNLR
_jТ80 Г-4/1450
942 _cBOOK
980 _aNB